000 00654nam a22001937a 4500
999 _c167733
_d167733
005 20190918104020.0
010 _aUR-10471
020 _c400.00
_a-
035 _aU-9026
037 _bDBAD/PUB
_a-
082 _a844.920
100 _aا کبر ز ا ہد
245 _aمطا لعہ عليم صبا نو يد ی
_cمر تبہ:ا کبر ز ا ہد
246 _bMutalla Aleem Saba Navedi Urdu)
_aEd.by Akbar Zahid
260 _aChenai
_bTamil Nadu Urdu Publications
_c2019 ء
270 _aTamil Nadu Urdu Publications
_bChenai
_e600002
_k9366111859
_l-
300 _a96 ص
_c22 Cm(Hb)
942 _2ddc
_cUR
_h844.920
_mع ل ی